000 00459nam a2200193Ia 4500
001 14530
003 GE_BSU
008 181216s||||||||xx |||||||||||||| ||und||
020 _a0276421930
040 _cGE_BSU
080 _a641
245 _aFoods That Harm foods that Heal.
260 _aLondon
260 _bReader's digest association Limited
260 _c1996
300 _a400p.ill.26cm.
653 _aFoods That Harm foods that Heal.
942 _cBK
999 _c47661
_d47661